Ficciones /
Guardado en:
| Autor Principal: | |
|---|---|
| Formato: | Libro |
| Publicado: |
Madrid :
Planeta,
2000
|
| Series: | Biblioteca La Nación
|
| Materias: | |
| Etiquetas: |
Agregar Etiqueta
Sin Etiquetas, Sea el primero en etiquetar este registro!
|
| LEADER | 00525nam a22001935a 4500 | ||
|---|---|---|---|
| 001 | CEM.cems013829 | ||
| 005 | 20130403163858.0 | ||
| 008 | 130507s2000##################000#0#####d | ||
| 003 | CEMS | ||
| 020 | |a 843958721X | ||
| 082 | 0 | 4 | |a A868.4 |
| 100 | 1 | |a Borges, Jorge Luis | |
| 245 | 1 | 0 | |a Ficciones / |c Jorge Luis Borges |
| 260 | |a Madrid : |b Planeta, |c 2000 | ||
| 300 | |a 207 p. | ||
| 490 | 0 | |a Biblioteca La Nación | |
| 653 | |a Literatura argentina | ||
| 653 | |a Cuentos | ||
| 859 | |a CEMS |b BIB. CEMS - 11 de abril |h A868.4 |i B644-9 |p 26607.13 |t Ej.1 | ||
